Science Quiz

Random Science or Anatomy Quiz

Human Cranial Vault Quiz Stats

 Plays Quiz Updated Jan 26, 2019

Score 0/6 Timer 02:00
0 Plays Today
% Correct
Frontal Bone
95%
Parietal Bone
79.4%
Temporal Bone
76.8%
Occipital Bone
72.9%
Sphenoid Bone
72.5%
Ethmoid Bone
58%

You're not logged in!

Compare scores with friends on all Sporcle quizzes.
OR
Log In

You Might Also Like...

Show Comments

Extras

Top Quizzes Today


Score Distribution

Your Account Isn't Verified!

In order to create a playlist on Sporcle, you need to verify the email address you used during registration. Go to your Sporcle Settings to finish the process.

Report this User

Report this user for behavior that violates our Community Guidelines.

Details: